The Successful Match 2017 (Record no. 421)

000 -LEADER
fixed length control field 00767nam a22002657a 4500
003 - CONTROL NUMBER IDENTIFIER
control field OSt
005 - DATE AND TIME OF LATEST TRANSACTION
control field 20210420051405.0
008 - FIXED-LENGTH DATA ELEMENTS--GENERAL INFORMATION
fixed length control field 201125s2017 ||||| |||| 00| 0 eng d
020 ## - INTERNATIONAL STANDARD BOOK NUMBER
International Standard Book Number 9781937978075
040 ## - CATALOGING SOURCE
Original cataloging agency eng
Language of cataloging eng
Transcribing agency DLC
041 ## - LANGUAGE CODE
Language code of text/sound track or separate title eng
080 ## - UNIVERSAL DECIMAL CLASSIFICATION NUMBER
Universal Decimal Classification number 61
Item number K-23
100 ## - MAIN ENTRY--PERSONAL NAME
9 (RLIN) 317
Personal name Katta, Rajani
245 ## - TITLE STATEMENT
Title The Successful Match 2017
Remainder of title : Rules for Success in the Residency Match
Statement of responsibility, etc. / by: MD2B
260 ## - PUBLICATION, DISTRIBUTION, ETC.
Place of publication, distribution, etc. Houston
Name of publisher, distributor, etc. MD2B
Date of publication, distribution, etc. 2017
300 ## - PHYSICAL DESCRIPTION
Extent 621 p.
650 #0 - SUBJECT ADDED ENTRY--TOPICAL TERM
9 (RLIN) 69
Topical term or geographic name entry element Medicine
650 #0 - SUBJECT ADDED ENTRY--TOPICAL TERM
9 (RLIN) 318
Topical term or geographic name entry element Education
650 #0 - SUBJECT ADDED ENTRY--TOPICAL TERM
9 (RLIN) 319
Topical term or geographic name entry element Residency
653 ## - INDEX TERM--UNCONTROLLED
Uncontrolled term მედიცინა
653 ## - INDEX TERM--UNCONTROLLED
Uncontrolled term განათლება
653 ## - INDEX TERM--UNCONTROLLED
Uncontrolled term რეზიდენტურის სტუდენტები
700 ## - ADDED ENTRY--PERSONAL NAME
9 (RLIN) 320
Personal name Desai, P. Samir
942 ## - ADDED ENTRY ELEMENTS (KOHA)
Source of classification or shelving scheme
Koha item type Books
Holdings
Withdrawn status Lost status Source of classification or shelving scheme Damaged status Not for loan Permanent location Current location Date acquired Inventory number Total Checkouts Full call number Barcode Date last seen Price effective from Koha item type
          Ken Walker International University Ken Walker International University 11/25/2020 1160   61 K-23 1160 01/26/2026 11/25/2020 Books

Powered by Koha